| 000 | 01444cam a22003977a 4500 | ||
|---|---|---|---|
| 003 | CHAP | ||
| 005 | 20220329141857.0 | ||
| 008 | 980326d1997 mx r 00110 spa d | ||
| 010 | _a75170 | ||
| 011 | _a76142 | ||
| 035 | _a85719 | ||
| 040 | _cCHAP | ||
| 090 | _aTesis | ||
| 100 | 0 | 0 |
_aCéliz Pérez, Ana Alvérica. _924321 |
| 245 | 1 | 0 |
_aAnálisis de la producción de melón (Cucumis melo) con acolchado y riego presurizado en la costa de Hermosillo, Sonora _c/por Ana Alvérica Céliz Pérez |
| 260 |
_aChapingo, Méx. : _bEl autor, _c1997 |
||
| 300 |
_a57 h. : _bgráfs. ; anexo |
||
| 502 | _aTesis (Ing. Agr. Esp. en Fitotecnia) -- UACH. Departamento de Fitotecnia | ||
| 590 |
_aALEPH _b10 _c20130110 _lUCH01 _h1423 |
||
| 590 |
_aBATCH-UPD _b10 _c20130110 _lUCH01 _h0651 |
||
| 590 |
_aBATCH-UPD _b10 _c20130110 _lUCH01 _h2351 |
||
| 590 |
_aBATCH-UPD _b10 _c20130410 _lUCH01 _h0336 |
||
| 590 |
_aBATCH-UPD _b10 _c20130410 _lUCH01 _h1638 |
||
| 590 |
_aBATCH-UPD _b10 _c20130913 _lUCH01 _h1913 |
||
| 590 |
_aCONVERSION _b10 _c20130109 _lUCH01 _h1341 |
||
| 650 | 1 | 4 |
_aAcolchado de suelos. _9623 |
| 650 | 1 | 4 |
_aMelón _xRendimiento. _974477 |
| 650 | 1 | 4 |
_aMelón _xSonora. _974479 |
| 650 | 1 | 4 |
_aPlásticos en agricultura. _989199 |
| 650 | 1 | 4 |
_aRiego presurizado. _997385 |
| 901 | _aBK | ||
| 905 | _aMayto Villalobos S. | ||
| 942 | _cFOLL | ||
| 949 |
_bBC _cTES _d33724000587697 _eTS2 _h32443 _i85719 _si |
||
| 949 |
_bBC _cTES _d85719 _eTS1 _h32442 _i85719 _sb |
||
| 999 |
_c75170 _d75170 |
||